Classifica Marcatori Serie A 2004-2005 - Statistics

Statistiche generali
  • Questo quiz è stato fatto 80 volte
  • Il punteggio medio è 14 su 20
Statistiche sulle risposte
Gol Nazione Squadra Calciatore % Corretto
12 Italia Roma Francesco Totti
100%
17 Ucraina Milan Andrij Ševčenko
97%
16 Svezia Juventus Zlatan Ibrahimović
96%
24 Italia Livorno Cristiano Lucarelli
94%
14 Italia Juventus Alessandro Del Piero
93%
19 Montenegro Lecce Mirko Vučinić
93%
16 Brasile Inter Adriano
89%
21 Italia Roma Vincenzo Montella
89%
20 Italia Palermo Luca Toni
86%
13 Italia Inter Christian Vieri
79%
23 Italia Parma Alberto Gilardino
77%
13 Italia Lazio Tommaso Rocchi
68%
13 Bulgaria Lecce/Fiorentina Valeri Božinov
61%
12 Italia Fiorentina Fabrizio Miccoli
55%
12 Italia Brescia Andrea Caracciolo
52%
13 Italia Udinese Vincenzo Iaquinta
51%
14 Italia Sampdoria Francesco Flachi
45%
12 Italia Messina Riccardo Zampagna
28%
16 Italia Cagliari Mauro Esposito
24%
15 Italia Roma David Di Michele
15%
Nessun quiz corrispondente trovato
Distribuzione punteggi
Percentuale di utenti per punteggio
Percentile per numero di risposta
I tuoi punteggi nel tempo
Non hai fatto questo quiz